The executive guide to commercial property and casualty insurance /

Bibliographic Details
Main Author: Siver, Edward W.
Format: Book
Language:English
Published: Chicago : Crain Books, [1981]
Subjects:

MARC

Tag First Indicator Second Indicator Subfields
LEADER 00000cam a2200000 a 4500
001 in00000092642
005 20151008064320.0
008 811221s1981 ilua 00110 eng
010 |a  81066512  
020 |a 0872510492 
035 |a (OCoLC)08020658 
035 |9 AAK3946AM 
040 |a DLC  |c DLC  |d TXA  |d UtOrBLW 
049 |a TXAM  |c [1362011] 
050 0 0 |a HG8061  |b .S55 
082 0 |a 368/.0024658  |2 19 
100 1 |a Siver, Edward W. 
245 1 4 |a The executive guide to commercial property and casualty insurance /  |c Edward W. Siver. 
264 1 |a Chicago :  |b Crain Books,  |c [1981] 
264 4 |c ©1981 
300 |a xii, 410 pages :  |b illustrations ;  |c 26 cm. 
336 |a text  |b txt  |2 rdacontent 
337 |a unmediated  |b n  |2 rdamedia 
338 |a volume  |b nc  |2 rdacarrier 
500 |a Includes index. 
650 0 |a Insurance  |v Handbooks, manuals, etc. 
650 0 |a Property insurance  |x Handbooks, manuals, etc. 
650 0 |a Liability insurance  |x Handbooks, manuals, etc. 
999 |a MARS 
999 f f |s 90ce0d06-7668-334a-bf8a-39531c7a9222  |i 7c58911a-16dc-36dd-b075-6d52815bb174  |t 0 
952 f f |p ric  |a Texas A&M University  |b Rellis Campus  |c Joint Library Facility  |d Remote Storage  |t 0  |e HG8061 .S55  |h Library of Congress classification  |i unmediated -- volume  |m A14806138060 
998 f f |a HG8061 .S55  |t 0  |l Remote Storage